000 01637cam a2200325 4500
001 J1616
008 090401t1992 xxu||||| |||| 00| 0 eng d
035 _a(Sirsi) u44464
041 _aeng
050 _a526.9
110 _aFederation International Des Geometres
245 _aProceedings of the symposia nos. 1, 2, 3, 4...V Congreso Nacional de Topografia y Cartografia, Madrid, 28 Septiembre- 2 Octubre 1992.
260 _aMadrid
_c1992
300 _a524p. ; 24cm.
350 _a0
520 _aPapers include: - free movement of professionals within the European Economic Area/ PLIMMER, F. - Comparative approach to study for real estate professionals in the United Kingdom and the Netherlands/ HILL, M.P. & KRAGT, E. - Continuing professional development and FIG current practice and future developments/ KENNIE, T. - Current and future trends in IT: general practice surveying/ DIXON, T. - Environmental issues and survey education/ BULLARD, R.K. - Continuing professional development of surveyors across Europe/ GREENHALGH, B.D. & BOYDELL, S. - Land use planning strategies in the UK/ DIXON, P. - Forecasting construction and maintenance costs in the U.K./ LEWIS, D.
650 _aBUILT ENVIRONMENT-BUILDING COSTS
650 _aCOMPUTERS
650 _aCONFERENCES
650 _aCONTINUING PROFESSIONAL DEVELOPMENT
650 _aEUROPEAN COMMUNITY
650 _aGENERAL PRACTICE
650 _aLand use
_96251
650 _aMAINTENANCE COSTS
650 _aSURVEYORS
690 _aLAND SURVEYING
710 _aColegio Oficial de Ingenieros Tecnicos en Topografia
_9509
942 _n0
948 _c04/03/1997
999 _c91539
_d91539